Paris between the wars / (Record no. 25123)

MARC details
000 -LEADER
campo de control de longitud fija 02177cam a2200385 a 4500
001 - NÚMERO DE CONTROL
campo de control 116967
005 - FECHA Y HORA DE LA ÚLTIMA TRANSACCIÓN
campo de control 20230410103742.0
008 - DATOS DE LONGITUD FIJA--INFORMACIÓN GENERAL
campo de control de longitud fija 960409s1996 nyua b 001 0deng
035 ## - NÚMERO DE CONTROL DEL SISTEMA
-- (DLC) 96018031
035 ## - NÚMERO DE CONTROL DEL SISTEMA
Número de control de sistema 2579053
010 ## - NÚMERO DE CONTROL DE LA BIBLIOTECA DEL CONGRESO
Número de control de LC 96018031
020 ## - NÚMERO INTERNACIONAL ESTÁNDAR DEL LIBRO
Número Internacional Estándar del Libro 0865659818
040 ## - FUENTE DE CATALOGACIÓN
Centro catalogador/agencia de origen DLC
Centro/agencia transcriptor DLC
Centro/agencia modificador DLC
043 ## - CÓDIGO DE ÁREA GEOGRÁFICA
Código de área geográfica e-fr---
050 14 - SIGNATURA TOPOGRÁFICA DE LA BIBLIOTECA DEL CONGRESO
Número de clasificación 318 DC 715
Número de ítem M34p 1996
082 00 - NÚMERO DE LA CLASIFICACIÓN DECIMAL DEWEY
Número de clasificación 306.47094436
100 1# - ENTRADA PRINCIPAL--NOMBRE DE PERSONA
Nombre de persona Mann, Carol.
245 10 - MENCIÓN DEL TÍTULO
Título Paris between the wars /
Mención de responsabilidad, etc. Carol Mann.
250 ## - MENCION DE EDICION
Mención de edición 1st North American ed.
260 ## - PUBLICACIÓN, DISTRIBUCIÓN, ETC.
Lugar de publicación, distribución, etc. New York :
Nombre del editor, distribuidor, etc. Vendome Press,
Fecha de publicación, distribución, etc. 1996.
300 ## - DESCRIPCIÓN FÍSICA
Extensión 208 p. :
Otras características físicas ill. ;
Dimensiones 31 cm.
504 ## - NOTA DE BIBLIOGRAFÍA, ETC.
Nota de bibliografía, etc. Includes bibliographical references (p. 205) and index.
505 0# - NOTA DE CONTENIDO CON FORMATO
Nota de contenido con formato The rise of the western world -- The Habsburg bid for mastery, 1519-1659 -- Finance, geography, and the winning of wars, 1660-1815 -- Industrialization and the shifting global balances, 1815-1885 -- The coming of a bipolar world and the crisis of the "middle powers" : part one, 1885-1918 -- The coming of a bipolar world and the crisis of the "middle powers" : part two, 1919-1942 -- Stability and change in a bipolar world, 1943-1980 -- To the twenty-first century.
520 ## - RESUMEN, ETC.
Sumario, etc. The scope and character of artistic life in Paris during the Roaring Twenties and the Depression Thirties are the subject of the present book, brilliantly treated in a collection of extraordinary photographs and a richly informative text by Carol Mann, novelist, journalist, and scholar of twentieth-century art. The end of what Europeans call the Great War (1914-1918) marked the beginning of tremendous creativity in
651 #0 - PUNTO DE ACCESO ADICIONAL DE MATERIA--NOMBRE GEOGRÁFICO
Nombre geográfico Paris (France)
Subdivisión general Intellectual life
Subdivisión cronológica 20th century.
651 #0 - PUNTO DE ACCESO ADICIONAL DE MATERIA--NOMBRE GEOGRÁFICO
Nombre geográfico Paris (France)
Subdivisión general Social life and customs
Subdivisión cronológica 20th century.
651 #0 - PUNTO DE ACCESO ADICIONAL DE MATERIA--NOMBRE GEOGRÁFICO
Nombre geográfico París (Francia)
Subdivisión general Vida intelectual $y siglo 20
650 #0 - PUNTO DE ACCESO ADICIONAL DE MATERIA--TÉRMINO DE MATERIA
Término de materia o nombre geográfico como elemento de entrada Arts
Subdivisión geográfica France
-- Paris
Subdivisión general History
Subdivisión cronológica 20th century.
650 #4 - PUNTO DE ACCESO ADICIONAL DE MATERIA--TÉRMINO DE MATERIA
Término de materia o nombre geográfico como elemento de entrada Primera Jornada de Catalogación.
650 #0 - PUNTO DE ACCESO ADICIONAL DE MATERIA--TÉRMINO DE MATERIA
Término de materia o nombre geográfico como elemento de entrada Intellectuals
Subdivisión general Homes and haunts
Subdivisión geográfica France
-- Paris.
651 #4 - PUNTO DE ACCESO ADICIONAL DE MATERIA--NOMBRE GEOGRÁFICO
Nombre geográfico París (Francia)
Subdivisión general Vida intelectual.
651 #4 - PUNTO DE ACCESO ADICIONAL DE MATERIA--NOMBRE GEOGRÁFICO
Nombre geográfico París (Francia)
Subdivisión general Vida social y costumbres.
651 #4 - PUNTO DE ACCESO ADICIONAL DE MATERIA--NOMBRE GEOGRÁFICO
Nombre geográfico París (Francia)
Subdivisión general Vida social y costumbres
Subdivisión cronológica Siglo XX.
942 ## - ELEMENTOS DE ENTRADA SECUNDARIOS (KOHA)
Fuente del sistema de clasificación o colocación Clasificación de Library of Congress
Tipo de ítem Koha
Holdings
Estatus retirado Estado de pérdida Fuente del sistema de clasificación o colocación Estado de daño No para préstamo Colección Biblioteca de origen Biblioteca actual Ubicación en estantería Fecha de adquisición Serial enumeration / chronology Signatura topográfica completa Código de barras Visto por última vez Copia número Tipo de ítem Koha
    Clasificación de Library of Congress     Recursos Regionales Biblioteca Juan Bosch Biblioteca Juan Bosch Recursos Regionales (2do. Piso) 10/04/2023 1 318 DC 715 M34p 1996 00000110292 23/10/2018 1